000 00559nam a22001697a 4500
005 20130823153254.0
020 _a9789381506165
037 _aBSB/Ven
100 _aKulkarni, Sudheendra
245 _aMusic of the Spinnintg wheel:
_cby Sudhendra Kulkarni
_bMahatma Gandhi's Mainfesto for the Internet Age/
260 _aNew Delhi
_bManjul Publishing House Pvt Ltd
_c2012
270 _aJ-39, Ground Floor, Jor Bagh Lane
_bNew Delhi
_e110003
300 _axxxviii,72p
_bill.
_c21cm.(Pbk)
500 _aInclude induex
942 _2ddc
_cEN
_mKUL
999 _c78759
_d78759